000 00397nam a2200145Ia 4500
008 220803s9999 xx 000 0 und d
020 _a81-87853-24-7
041 _aeng
082 _a745.4 PRA
100 _aPrakash K
_916762
245 _aWarali Paintings : Traditional Flock Art From India
260 _aMumbai
_bEnglish Edition Publisher
_c2002
300 _a58p
650 _aBasic Design
_916763
999 _c11960
_d11960